Statystyki dla Pokémony i ich ewolucje II (Sinnoh)

Kliknij tutaj aby rozwiązać quiz!

Ogólne statystyki

  • Ten quiz został rozwiązany 17 razy
  • Średni wynik to 9 z 12

Statystyki odpowiedzi

PokémonEwolucja% Poprawnych
Starly (II ewolucja)Staraptor
94%
Starly (I ewolucja)Staravia
94%
Turtwig (II ewolucja)Torterra
88%
Shinx (II ewolucja)Luxray
81%
Piplup (I ewolucja)Prinplup
81%
Gible (I ewolucja)Gabite
75%
Gible (II ewolucja)Garchomp
75%
Turtwig (I ewolucja)Grotle
75%
Chimchar (II ewolucja)Infernape
75%
Shinx (I ewolucja)Luxio
75%
Chimchar (I ewolucja)Monferno
69%
Piplup (II ewolucja)Empoleon
63%

Rozkład punktacji

Percentyl według liczby udzielonych odpowiedzi

Procent ludzi z każdym wynikiem

Twoja historia wyników

Nie rozwiązałeś tego quizu